Responses for Show #6508 - Wednesday, December 26, 2012

Contestants

[<< previous game]

Debra Newman, a psychologist from Pound Ridge, New York

Gonzalo Rufatt, a financial advisor from Santa Fe, New Mexico

Kris Hamilton, a computer technician from Dublin, Ohio (whose 2-day cash winnings total $37,001)

[next game >>]

Jeopardy! Round responses

A BUNCH OF IDIOMS
MEDICAL EQUIPMENT
1892
(Alex: That was a good year.)
RESTAURANTS BY SLOGAN
TALK OF THE TOWN
THEIR SOLE OSCAR NOMINATION
    $200 5
barrel

Kris
    $200 26
the brain

Gonzalo
    $200 21
basketball

Kris
    $200 18
Subway

Kris
    $200 1
Athens

Kris
    $200 11
Schindler's List

Gonzalo
    $400 6
(Alex: Ugly, little thing, isn't it?)
[Laughter]

the wolf in sheep's clothing

Kris
    $400 27
the syringe

Kris
    $400 22
Ellis Island

Kris
    $400 17
(Kris: What is Denny's?)

IHOP

KrisDebra
    $400 2
Los Angeles

Kris
    $400 12
Arthur

Kris
    $600 7
a log

Gonzalo
    $600 28
an MRI

Kris
    $600 23
the boll weevil

Kris
    $600 16
Taco Bell

Kris
    $600 3
(Kris: What is Paris?)

London

Kris
Triple Stumper
    $600 13
The Sixth Sense

Kris
    $800 8
(Debra: [*]?)
(Alex: Remember your phrasing.)
(Debra: What is [*]?)

six of one, half dozen of another

Debra
    $800 29
glaucoma

Debra
    $800 24
Carnegie

Kris
    $800 19
Olive Garden

Triple Stumper
    $800 4
(Kris: Who is Dashiell Hammett?)

Raymond Chandler

KrisDebra
    $800 14
Driving Miss Daisy

Triple Stumper
    $1000 9
city hall

Kris
    $1000 30
a hemostat (or forceps)

Kris
    $1000 25
Plessy v. Ferguson

Gonzalo
    $1000 20
Outback Steakhouse

Kris
    $800 10
(Kris: What is... Remembrance of Things Past?)

A Moveable Feast

Kris
    $1000 15
(Alex: Big film--I guess that's why they called it [*].)

Giant

Triple Stumper

Scores at the first commercial break (after clue 15):

Kris Gonzalo Debra
$1,000 $800 $1,600

Scores at the end of the Jeopardy! Round:

Kris Gonzalo Debra
$6,400 $2,000 $2,800

Double Jeopardy! Round responses

BANGLADESH
NOTORIOUS WOMEN
SHIP SHAPE
THE ARTS
STARTS WITH "C"
THEIR SOUL GRAMMY NOMINATION
    $400 21
the Bay of Bengal

Gonzalo
    $400 14
Bonnie Parker

Gonzalo
    $400 9
a lighthouse

Kris
    $400 6
Impressionism

Kris
    $400 1
cheese

Kris
    $400 26
(Isaac) Hayes

Debra
    $800 22
(Kris: What is India?)

the United States

KrisDebra
    $800 15
(Lynette) Fromme

Kris
    $800 10
the Bismarck

Kris
    $800 7
(Maurice) Ravel

Kris
    $800 2
a creak

Kris
    $800 27
Smokey Robinson

Kris
    $1200 23
textiles (fibers accepted)

Gonzalo
    $1200 16
Charlize Theron

Kris
    $1200 11
Rainbow Warrior

Triple Stumper
    $600 8
The Planets

Kris
    $1200 3
the counterculture

Kris
    $1200 28
Marvin Gaye

Kris
    $1600 24
(Alex: Less than a minute to go now, Gonzalo.)

the Ganges

Triple Stumper
    $1600 17
(Debra: Who is Al Capone?)

John Dillinger

GonzaloDebra
    $2,900 12
(Kris: What is... the Mayflower?)

HMS Bounty

Kris
    $1600 19
the violin

Kris
    $1600 4
calipers

Debra
    $1600 29
a "Midnight Train To Georgia"

Kris
    $2000 25
(Gonzalo: What is the Ottoman Empire?)
(Debra: What is the Moorish empire?)

the Mughal Empire

GonzaloDebra
Triple Stumper
    $2000 18
Messalina

Triple Stumper
    $2000 13
(Debra: What is the Cole?)

the Achille Lauro

KrisDebra
    $2000 20
(John) Constable

Gonzalo
    $2000 5
the click track

Triple Stumper
    $2000 30
Rufus

Triple Stumper

Scores at the end of the Double Jeopardy! Round:

Kris Gonzalo Debra
$17,300 $5,600 $0
(lock game)

[wagering suggestions for these scores]

Final Jeopardy! Round responses

LITERARY FIRST LINES
GonzaloWhat is "The Color Purple?"
$4,400
KrisWhat is The Color Purple
$6,000
The Color Purple

Final scores:

Kris Gonzalo Debra
$23,300 $10,000 $0
3-day champion: $60,301 2nd place: $2,000 3rd place: $1,000

Game dynamics:

Coryat scores:

Kris Gonzalo Debra
$21,600 $5,600 $0
32 R
(including 1 DD),
6 W
(including 2 DDs)
9 R,
1 W
7 R,
3 W

Combined Coryat: $27,200

[game clues] [game scores] [suggest correction]

Game tape date: 2012-09-18
The J! Archive is created by fans, for fans. Scraping, republication, monetization, and malicious use prohibited; this site may use cookies and collect identifying information. See terms. The Jeopardy! game show and all elements thereof, including but not limited to copyright and trademark thereto, are the property of Jeopardy Productions, Inc. and are protected under law. This website is not affiliated with, sponsored by, or operated by Jeopardy Productions, Inc. Join the discussion at JBoard.tv.